000 01282nam a2200337Ia 4500
001 ebr10659046
003 CaPaEBR
006 m u
007 cr cn|||||||||
008 100312s2010 nyua sb 001 0 eng d
010 _z 2010007616
020 _z1616685255 (hardcover)
020 _z9781616685256 (hardcover)
020 _z9781616688707
040 _aCaPaEBR
_cCaPaEBR
035 _a(OCoLC)759114794
050 1 4 _aQE391.P47
_bP474 2010eb
082 0 4 _a549/.528
_222
245 0 0 _aPerovskites
_h[electronic resource] :
_bstructure, properties, and uses /
_cMaxim Borowski, editor.
260 _aNew York :
_bNova Science Publishers,
_cc2010.
300 _axiv, 571 p. :
_bill.
490 0 _aChemical engineering methods and technology
504 _aIncludes bibliographical references and index.
533 _aElectronic reproduction.
_bPalo Alto, Calif. :
_cebrary,
_d2013.
_nAvailable via World Wide Web.
_nAccess may be limited to ebrary affiliated libraries.
650 0 _aPerovskite.
650 0 _aOxide minerals.
655 7 _aElectronic books.
_2local
700 1 _aBorowski, Maxim.
710 2 _aebrary, Inc.
856 4 0 _uhttp://site.ebrary.com/lib/rucke/Doc?id=10659046
_zAn electronic book accessible through the World Wide Web; click to view
999 _c64455
_d64455